|
|
|
|
| LEADER |
01899nam a22003137a 4500 |
| 001 |
41516 |
| 003 |
BD-DhAAL |
| 005 |
20240627142850.0 |
| 008 |
230731t2015 bg a|||| |||| 00| 0 eng d |
| 020 |
|
|
|a 9789845022286
|
| 040 |
|
|
|a BD-DhAAL
|d BD-DhAAL
|
| 082 |
|
|
|a 954.0317
|2 23
|
| 100 |
|
|
|a Ahmed, Munir.
|9 55091
|
| 245 |
|
|
|a Sepoy mutiny :
|b a rajput mutineer /
|c Munir Ahmed.
|
| 260 |
|
|
|a Dhaka ;
|b Anyaprokash,
|c 2015.
|
| 300 |
|
|
|a 174 pages :
|b illustrations (black and white), 1 map (black and white) ;
|c 22 cm.
|
| 526 |
|
|
|a GenEd
|
| 541 |
|
|
|a Development Book Agency
|e 41516, 41517, 41518, 41519, 41520.
|
| 600 |
|
|
|a Helaluddin, Gazi,
|d 1817 or 1818-1922 Family.
|9 55243
|
| 650 |
|
|
|a Muslims
|x Political activity
|z India.
|
| 651 |
|
|
|a India
|x History
|y Sepoy Rebellion, 1857-1858.
|
| 852 |
|
|
|a Ayesha Abed Library
|c General Stacks
|
| 942 |
|
|
|2 ddc
|c BK
|
| 999 |
|
|
|c 45980
|d 45980
|
| 952 |
|
|
|0 0
|1 0
|2 ddc
|4 0
|6 954_031700000000000_AHM
|7 0
|9 73970
|a SCL
|b SCL
|c GEN
|d 2023-07-16
|e Development Book Agency
|g 280.00
|l 4
|m 6
|o 954.0317 AHM
|p 3020041520
|r 2025-03-22
|s 2025-02-24
|t 5
|v 280.00
|w 2023-07-16
|y BK
|
| 952 |
|
|
|0 0
|1 0
|2 ddc
|4 0
|6 954_031700000000000_AHM
|7 0
|9 73971
|a SCL
|b SCL
|c GEN
|d 2023-07-16
|e Development Book Agency
|g 280.00
|l 2
|m 1
|o 954.0317 AHM
|p 3020041519
|r 2025-03-12
|s 2025-03-10
|t 4
|v 280.00
|w 2023-07-16
|y BK
|
| 952 |
|
|
|0 0
|1 0
|2 ddc
|4 0
|6 954_031700000000000_AHM
|7 0
|9 73972
|a SCL
|b SCL
|c GEN
|d 2023-07-16
|e Development Book Agency
|g 280.00
|l 4
|m 1
|o 954.0317 AHM
|p 3020041518
|r 2025-04-19
|s 2025-04-13
|t 3
|v 280.00
|w 2023-07-16
|y BK
|
| 952 |
|
|
|0 0
|1 0
|2 ddc
|4 0
|6 954_031700000000000_AHM
|7 0
|9 73973
|a SCL
|b SCL
|c GEN
|d 2023-07-16
|e Development Book Agency
|g 280.00
|l 1
|o 954.0317 AHM
|p 3020041517
|r 2023-10-14
|s 2023-10-07
|t 2
|v 280.00
|w 2023-07-16
|y BK
|
| 952 |
|
|
|0 0
|1 0
|2 ddc
|4 0
|6 954_031700000000000_AHM
|7 0
|9 73974
|a SCL
|b SCL
|c GEN
|d 2023-07-16
|e Development Book Agency
|g 280.00
|l 1
|o 954.0317 AHM
|p 3020041516
|r 2023-10-18
|s 2023-10-15
|t 1
|v 280.00
|w 2023-07-16
|y BK
|